[Event "NED-ch U13"]
[Site "Rijswijk"]
[Date "2005.05.07"]
[Round "9"]
[White "Klapwijk, Bram"]
[Black "Van Ingen, Daan"]
[Result "1-0"]
[WhiteElo "1597"]
[BlackElo "1570"]
[PlyCount "81"]
[EventDate "2005.05.05"]
[EventType "swiss"]
[EventRounds "9"]
[EventCountry "NED"]
[SourceTitle "EXT 2013"]
[Source "ChessBase"]
[SourceDate "2012.11.22"]
[SourceVersion "1"]
[SourceVersionDate "2012.11.22"]
[SourceQuality "1"]

1. c4 Nf6 2. Nf3 d6 3. e3 e5 4. d4 exd4 5. exd4 Be7 6. Nc3 Bf5 7. Be3 0-0 8. h3 Nbd7 9. Bd3 Bg6 10. 0-0 Nb6 11. b3 d5 12. c5 Nbd7 13. a3 c6 14. Re1 Re8 15. Bxg6 fxg6 16. Qd3 b6 17. b4 bxc5 18. dxc5 Bf8 19. Bf4 Rxe1+ 20. Rxe1 Be7 21. Nd4 Rc8 22. Qa6 Nh5 23. Bh2 Bf6 24. Ne6 Qe8 25. Ne2 Ne5 26. N2d4 Nf7 27. Kf1 Bxd4 28. Nxd4 Qd7 29. Re6 Nd8 30. Rd6 Qc7 31. Qe2 Nf6 32. Kg1 Qf7 33. Qa6 Ne4 34. Rxd8+ Rxd8 35. f3 Nf6 36. Nxc6 Ra8 37. Bd6 Qd7 38. Ne7+ Kf7 39. b5 Re8 40. Nc6 Ra8 41. Ne5+ 1-0

[Event "NED-ch U13"]
[Site "Rijswijk"]
[Date "2005.05.06"]
[Round "4"]
[White "Van Ingen, Daan"]
[Black "Rauw, Gert Jan"]
[Result "0-1"]
[WhiteElo "1570"]
[BlackElo "1645"]
[PlyCount "74"]
[EventDate "2005.05.05"]
[EventType "swiss"]
[EventRounds "9"]
[EventCountry "NED"]
[SourceTitle "EXT 2013"]
[Source "ChessBase"]
[SourceDate "2012.11.22"]
[SourceVersion "1"]
[SourceVersionDate "2012.11.22"]
[SourceQuality "1"]

1. e4 e5 2. Nf3 Nc6 3. d4 exd4 4. c3 dxc3 5. Nxc3 Bb4 6. Qb3 Qe7 7. Bd3 Nf6 8. 0-0 0-0 9. Bg5 Bxc3 10. Qxc3 Re8 11. Rfe1 d6 12. Re3 Bg4 13. Rae1 Bxf3 14. Rxf3 Nxe4 15. Qxg7+ Kxg7 16. Bxe7 Rxe7 17. Rxe4 Rxe4 18. Bxe4 Re8 19. Re3 Re5 20. h3 d5 21. Bf3 Rxe3 22. fxe3 Ne7 23. Kf2 c5 24. Ke2 b5 25. Kd3 a5 26. a3 f5 27. g3 Kf6 28. h4 h6 29. g4 Ke5 30. g5 hxg5 31. hxg5 f4 32. exf4+ Kxf4 33. Be2 Kxg5 34. b4 axb4 35. axb4 cxb4 36. Kc2 Nc6 37. Bxb5 Nd4+ 0-1

[Event "NED-ch U13"]
[Site "Rijswijk"]
[Date "2005.05.05"]
[Round "1"]
[White "Wisse, Pieter"]
[Black "Van Ingen, Daan"]
[Result "1/2-1/2"]
[WhiteElo "1268"]
[BlackElo "1570"]
[PlyCount "56"]
[EventDate "2005.05.05"]
[EventType "swiss"]
[EventRounds "9"]
[EventCountry "NED"]
[SourceTitle "EXT 2013"]
[Source "ChessBase"]
[SourceDate "2012.11.22"]
[SourceVersion "1"]
[SourceVersionDate "2012.11.22"]
[SourceQuality "1"]

1. Nf3 d5 2. d4 Nf6 3. Nc3 Bf5 4. e3 e6 5. Bd3 Bxd3 6. Qxd3 Be7 7. Qb5+ Nbd7 8. Qxb7 Nb6 9. Qa6 0-0 10. Qd3 c5 11. 0-0 c4 12. Qd2 Bb4 13. a3 Bd6 14. b3 a6 15. Ne5 Bc7 16. f4 Rc8 17. Bb2 cxb3 18. cxb3 Bxe5 19. fxe5 Ne4 20. Nxe4 dxe4 21. Rac1 Qd7 22. Rxc8 Rxc8 23. Rc1 Rxc1+ 24. Qxc1 Nd5 25. Kf2 h6 26. Qc2 Qe7 27. Qxe4 Qb7 28. b4 a5 1/2-1/2